Super Bowl Winners - Statistics

General Stats
  • This quiz has been taken 177 times
  • The average score is 46 of 49
Answer Stats
Year and Score Champion % Correct
2015 28-24 Patriots
100%
2011 31-25 Packers
99%
1997 35-21 Packers
99%
1968 33-14 Packers
99%
1967 35-10 Packers
99%
2009 27-23 Steelers
97%
2006 21-10 Steelers
97%
1980 31-19 Steelers
97%
1979 35-31 Steelers
97%
1976 21-17 Steelers
97%
1975 16-6 Steelers
97%
1994 30-13 Cowboys
96%
1993 52-17 Cowboys
96%
1978 27-10 Cowboys
96%
1972 24-3 Cowboys
96%
1996 27-17 Cowboys
95%
1995 49-26 49ers
94%
1990 55-10 49ers
94%
1989 20-16 49ers
94%
1985 38-16 49ers
94%
1982 26-21 49ers
94%
1999 34-19 Broncos
94%
1998 31-24 Broncos
94%
1969 16-7 Jets
94%
2005 24-21 Patriots
94%
2004 32-29 Patriots
94%
2002 20-17 Patriots
94%
2000 23-16 Rams
94%
2013 34-31 Ravens
94%
2012 21-17 Giants
93%
2008 17-14 Giants
93%
1991 20-19 Giants
93%
1987 39-20 Giants
93%
2001 34-7 Ravens
93%
1974 24-7 Dolphins
92%
1973 14-7 Dolphins
92%
2014 43-8 Seahawks
92%
1986 46-10 Bears
89%
1970 23-7 Chiefs
89%
2007 29-17 Colts
89%
1971 16-13 Colts
89%
1984 38-9 Raiders
89%
1981 27-10 Raiders
89%
1977 32-14 Raiders
89%
2010 31-17 Saints
89%
2003 48-21 Buccaneers
87%
1992 37-24 Redskins
87%
1988 42-10 Redskins
87%
1983 27-17 Redskins
87%
No matching quizzes found
Score Distribution
Percent of People with Each Score
Percentile by Number Answered
Your Score History
You have not taken this quiz